000 00687nam a2200229Ia 4500
003 OSt
005 20230411110905.0
008 210423s2011 xx 000 0 und d
020 _a9780071071420
040 _cAL
041 _aeng
082 _a030.02 CHAT
_223
100 _aCHAND (Tara)
_985935
245 _aGeneral studies manual 2011: for civil services preliminary examination
260 _aNew Delhi
_bTata McGraw-hill
_c2011
300 _axxxix,H141,176
_bPB
365 _b1050
_cINR
650 _aEncyclopedic Works
_985936
650 _aGeneral
_985937
906 _a2011: ; civil ; examination. ; General ; manual ; preliminary ; services ; studies
942 _2ddc
_cBK
999 _c159067
_d159067